Čína za pätami obuvníkov motivuje
Európska únia zaviedla dovozné clá, ktoré majú zabrániť ďalšiemu rastu dovozu koženej obuvi z Číny a Vietnamu. Priaznivci a odporcovia ciel v krajinách EÚ. Slovensko ostalo na strane zavedenia ciel. Európska únia tak chce ochrániť svoj trh obuvi proti nárastu dovozu lacnej čínskej obuvi. Slovenské o...
Saved in:
| Main Author: | |
|---|---|
| Format: | Book Chapter |
| Language: | Slovak |
| Subjects: | |
| Tags: |
No Tags, Be the first to tag this record!
|
MARC
| LEADER | 00000naa$a2200000$$$4500 | ||
|---|---|---|---|
| 001 | 0048269 | ||
| 005 | 20231009084020.7 | ||
| 041 | 0 | |a slo | |
| 044 | |a SK | ||
| 245 | 1 | 0 | |a Čína za pätami obuvníkov motivuje |c Martin Jesný |
| 520 | |a Európska únia zaviedla dovozné clá, ktoré majú zabrániť ďalšiemu rastu dovozu koženej obuvi z Číny a Vietnamu. Priaznivci a odporcovia ciel v krajinách EÚ. Slovensko ostalo na strane zavedenia ciel. Európska únia tak chce ochrániť svoj trh obuvi proti nárastu dovozu lacnej čínskej obuvi. Slovenské obuvníctvo ponúka niekoľko spôsobov ako odolať náporu Ázie. Udržať výrobu obuvi na Slovensku znamená neustály boj. | ||
| 610 | 2 | 0 | |a priemysel obuvnícky |
| 610 | 2 | 0 | |a obuv |
| 610 | 2 | 0 | |a výroba |
| 610 | 2 | 0 | |a dovoz |
| 610 | 2 | 0 | |a clá dovozné |
| 610 | 2 | 0 | |a konkurencia |
| 610 | 2 | 0 | |a Európska únia |
| 610 | 2 | 0 | |a Slovensko |
| 610 | 2 | 0 | |a Čína |
| 610 | 2 | 0 | |a Vietnam |
| 100 | 1 | |a Jesný, Martin | |